00431 2200181 4500001002100000005001500021008004100036020002200077035001900099041000700118082001000125090001600135100001500151245002100166260002400187300001800211650002000229INLIS00000000001577020241224115010241224||||||||| | ||| |||| || |  a978-979-054-236-5 0010-1224015770 aid0 a612.3 a612.3 DEN a0 aDeny Riana00aAPAKAH GIZI ITU? aBogorbQuadrac2010 a76hlm;18x25cm 0aIlmu Kedokteran